Cities in China Starting With K - Statistics

General Stats
  • This quiz has been taken 8 times
  • The average score is 2 of 11
Answer Stats
Answer % Correct
Kaifeng
71%
Kunshan
57%
Kashgar
29%
Kaili
14%
Kumming
14%
Kaiping
0%
Kaiyuan
0%
Kaiyuan
0%
Kelamayi
0%
Kuerle
0%
Kuitun
0%
No matching quizzes found
Score Distribution
Percent of People with Each Score
Percentile by Number Answered
Your Score History
You have not taken this quiz